The Five Chinese Brothers (Record no. 11803)

MARC details
000 -LEADER
fixed length control field 00259nam a22000977a 4500
008 - FIXED-LENGTH DATA ELEMENTS--GENERAL INFORMATION
fixed length control field 200218b ||||| |||| 00| 0 eng d
020 ## - INTERNATIONAL STANDARD BOOK NUMBER
International Standard Book Number 0440849904
100 ## - MAIN ENTRY--PERSONAL NAME
Personal name Bishop Huchet
9 (RLIN) 7484
245 ## - TITLE STATEMENT
Title The Five Chinese Brothers
260 ## - PUBLICATION, DISTRIBUTION, ETC. (IMPRINT)
Place of publication, distribution, etc. New York
Name of publisher, distributor, etc. Trumpet Club
Date of publication, distribution, etc. 1938
Holdings
Withdrawn status Lost status Source of classification or shelving scheme Damaged status Koha normalized classification for sorting Not for loan Home library Current library Shelving location Date acquired Total Checkouts Full call number Barcode Date last seen Price effective from Koha item type
    Dewey Decimal Classification   813_520000000000000   Good Samaritan School Library Good Samaritan School Library FICTION 02/18/2020   813.52 BIS15805 02/18/2020 02/18/2020 BOOK

Powered by Koha